000 00899nam a22002537a 4500
003 DO-SdBNP
005 20220408081613.0
008 220117b2019 a 001 0 spa d
020 _a9789945804812
040 _aDO-SdBNP
_bspa
_cBNPHU
082 4 _axxx
_bL864e
100 1 _aLópez Valerio, Arturo Yván
_981432
245 1 0 _a# Emprende :
_buna guía para ''ciudadanos de a pie'' /
_cArturo Yván López Valerio
246 _aEmprende ;
_buna guìa para ''ciudadanos de a pie''
260 _aSanto Domingo :
_bKindle Direct Publishing,
_c2019.
300 _a90 p.
_c22 cm.
490 1 _aStartupsAcademy Colombo Dominicana
500 _aIncluye datos biográficos del autor.
590 _aInventariado, 2022 / YL
590 _aLa biblioteca posee un (1) ejemplar autografiado por el autor.
830 _nStartupsAcademy Colombo Dominicana
_981433
910 _aYLockward
942 _2ddc
_cLBS1
999 _c51173
_d51173